| 000 | 00778nam a22002177a 4500 | ||
|---|---|---|---|
| 999 |
_c5253 _d5253 |
||
| 003 | AR-CdUCM | ||
| 008 | 190312b ||||| |||| 00| 0 spn d | ||
| 020 | _a9681621980 | ||
| 040 |
_aMUNICIPALIDAD PROVINCIAL DEL CUSCO _cBIBLIOTECA MUNICIPAL DEL CUSCO |
||
| 041 | _heng | ||
| 082 |
_a901.73 / _bB23 |
||
| 100 |
_aBarzun, Jacques _915910 |
||
| 245 | _aUn paseo con William James / | ||
| 260 |
_aMéxico D. F. : _bFondo de cultura económica, _c1986. |
||
| 300 |
_a350 páginas ; _c23 cm. |
||
| 505 | _aContenido: El Hombre -- La obra maestra -- Una prueba para la verdad -- Las variedades de la experiencia -- Libertad y riesgo ... | ||
| 650 |
_aLiteratura latinoamrecana _915911 |
||
| 700 |
_aUtrilla, Juan José (traductor) _93032 |
||
| 942 |
_2ddc _cLIBROS |
||
| 945 | _aAndy | ||